| 000 | 00498nam a2200193Ia 4500 | ||
|---|---|---|---|
| 003 | OSt | ||
| 005 | 20250429171507.0 | ||
| 008 | 220927b |||||||| |||| 00| 0 eng d | ||
| 020 | _a550160019 | ||
| 040 |
_aSDCL _cSDCL _beng |
||
| 041 |
_2eng _aeng |
||
| 084 | _aw1,N K9 RR | ||
| 100 |
_aThrone, J. O. Ed. _9753497 |
||
| 245 | 0 | _aCHAMBERS BIOGRAPHICAL dictionary. | |
| 260 |
_aEdinburgh : _bW & R Chambers, _c1969. |
||
| 300 | _axvi,1432p. | ||
| 942 |
_cREF _2CC _n0 |
||
| 999 |
_c829994 _d829994 |
||